00833cam a22002294a 45000010009000000050017000090080041000260100017000670200028000840400018001120420008001300500016001380820022001541000020001762450043001962500012002392600050002513000036003015040051003375050189003886500026005771270212020210414113912.0020313s2003 ohua b 001 0 eng  a 2002021601 a0324183313 (alk. paper) aDLCcDLCdDLC apcc00aHD30.22.P3600a338.5/024/6582211 aHirschey, Mark.10aFundamentals of managerial economics / a7th ed. aMason, Ohio :bThomson/South-Western,cc2003. axxiii, 714 p. :bill. ;c27 cm. aIncludes bibliographical references and index. aContents: Overview of managerial economics -- Demand analysis -- Production and cost analysis -- Market structure analysis and estimation -- Long-term investment decisions -- Appendix. 0aManagerial economics.